| 000 | 00567cam a2200181 4500500 | ||
|---|---|---|---|
| 005 | 20260329002552.0 | ||
| 041 | _afre | ||
| 042 | _adc | ||
| 100 | 1 | 0 |
_aEilenberger, Wolfram _eauthor |
| 245 | 0 | 0 | _aPourquoi Dieu a-t-il permis Auschwitz, Mr Swinburne? |
| 260 | _c2012. | ||
| 500 | _a93 | ||
| 690 | _aAuschwitz | ||
| 690 | _aMal | ||
| 690 | _aRichard Swinburne | ||
| 786 | 0 | _nPhilosophie magazine | 65 | 12 | 2012-12-01 | p. 28-31 | 1951-1787 | |
| 856 | 4 | 1 | _uhttps://shs.cairn.info/magazine-philosophie-magazine-2012-12-page-28?lang=fr&redirect-ssocas=7080 |
| 999 |
_c1816246 _d1816246 |
||